Teddy bears' party

Bibliographic Details
Format: Book
Published: London : Brown Watson , 2002
Subjects:

MARC

LEADER 00000cam a2200000 7i4500
001 0000005404
005 20220105104011.0
008 070803
020 |a 0709714661 
090 0 0 |a JP   |b FT ENG (5744) 
245 0 0 |a Teddy bears' party 
260 |a London :   |b Brown Watson ,   |c 2002 
500 |a Children age 4-6 years old (yellow) 
650 0 |a Fairy tales 
650 0 |a Junior preschool   |x English   |x Languages 
999 |a 0000977734   |b Book   |c Children Collection   |e Cawangan Pontian 
999 |a 0000977735   |b Book   |c Children Collection   |e Perbadanan Perpustakaan Awam Johor